[Event "Panevezys Elite Open 2020"]
[Site "Panevezys"]
[Date "2020.07.02"]
[Round "8.12"]
[White "Boyajyan, David"]
[Black "Butvilas, Aistis"]
[Result "1/2-1/2"]
[WhiteElo "1949"]
[BlackElo "2103"]
[Annotator "ChessBase"]
[PlyCount "59"]
[EventDate "2020.06.26"]
[EventType "swiss"]
[EventCountry "LTU"]
[SourceTitle "playchess.com"]
[Source "ChessBase"]
[SourceQuality "1"]
[TimeControl "40/5400+30:1800+30"]

1. Nf3 {[%emt 0:00:00]} Nf6 {[%emt 0:00:00]} 2. g3 {[%emt 0:00:00]} d5 {[%emt 0:00:00]} 3. c4 {[%emt 0:00:00]} e6 {[%emt 0:01:21]} 4. Bg2 {[%emt 0:00:00]} b6 {[%emt 0:01:05]} 5. O-O {[%emt 0:00:26]} Be7 {[%emt 0:00:44]} 6. b3 {[%emt 0:00:14]} O-O {[%emt 0:00:31]} 7. Bb2 {[%emt 0:00:03]} Bb7 {[%emt 0:00:18]} 8. d3 {[%emt 0:00:52]} Re8 {[%emt 0:01:49]} 9. Nbd2 {[%emt 0:01:04]} Nbd7 {[%emt 0:04:46]} 10. Qc2 {[%emt 0:03:57]} c5 {[%emt 0:04:06]} 11. e4 {[%emt 0:03:06]} Nf8 {[%emt 0:20:28]} 12. cxd5 {[%emt 0:19:22]} exd5 {[%emt 0:00:08]} 13. e5 {[%emt 0:00:11]} N6d7 {[%emt 0:00:53]} 14. Ne1 {[%emt 0:00:24]} f6 {[%emt 0:01:41]} 15. f4 {[%emt 0:07:50]} fxe5 {[%emt 0:00:49]} 16. fxe5 {[%emt 0:00:07]} Qc7 {[%emt 0:21:10]} 17. d4 {[%emt 0:07:46]} Ne6 {[%emt 0:08:00]} 18. Qf5 {[%emt 0:07:32]} Bg5 {[%emt 0:02:34]} 19. Qf7+ {[%emt 0:02:25]} Kh8 {[%emt 0:00:11]} 20. Ndf3 {[%emt 0:06:22]} Be3+ {[%emt 0:02:37]} 21. Kh1 {[%emt 0:00:08]} cxd4 {[%emt 0:02:07]} 22. Bh3 {[%emt 0:02:02]} Ndc5 {[%emt 0:10:47]} 23. Qxc7 {[%emt 0:03:54]} Nxc7 {[%emt 0:00:03]} 24. Nxd4 {[%emt 0:00:44]} N7e6 {[%emt 0:03:21]} 25. Nxe6 {[%emt 0:03:55]} d4+ {[%emt 0:01:28]} 26. Bg2 {[%emt 0:01:33]} Bxg2+ {[%emt 0:05:43]} 27. Nxg2 {[%emt 0:00:15]} Rxe6 {[%emt 0:00:32]} 28. Nxe3 {[%emt 0:01:51]} dxe3 {[%emt 0:00:02]} 29. Bd4 {[%emt 0:00:20]} Nd3 {[%emt 0:02:42]} 30. Bxe3 {[%emt 0:04:45]} 1/2-1/2

[Event "Panevezys Elite Open 2020"]
[Site "Panevezys"]
[Date "2020.07.03"]
[Round "9.2"]
[White "Jazdanovs, Aleksandrs"]
[Black "Juksta, Karolis"]
[Result "1/2-1/2"]
[WhiteElo "2222"]
[BlackElo "2366"]
[Annotator "TA"]
[PlyCount "75"]
[EventDate "2020.06.26"]
[EventType "swiss"]
[EventCountry "LTU"]
[SourceTitle "playchess.com"]
[Source "ChessBase"]
[SourceQuality "1"]

{[%evp 9,75,3,31,28,31,25,25,25,31,26,31,30,22,22,21,24,29,14,13,0,0,0,64,61,65,-22,-16,-35,4,0,0,5,5,5,5,3,4,4,6,1,6,4,8,0,48,49,46,45,73,76,76,16,23,23,23,19,18,17,21,20,22,22,18,0,0,0,0,0]} 1. e4 e6 2. d4 d5 3. Bd3 c5 4. exd5 exd5 5. Nf3 Nf6 6. O-O {C01: French: Exchange Variation.} Nc6 7. Re1+ Be7 8. dxc5 {White has an edge.} O-O 9. Be3 Ng4 10. Qd2 Nxe3 11. Qxe3 Qa5 12. Nc3 Bxc5 {[#]} 13. Qg5 $146 ({Predecessor:} 13. Qf4 Be6 14. a3 Qd8 15. Nb5 Rc8 16. c3 h6 17. Re2 Qb6 18. Rae1 {1-0 (18) Mueller,G (2469)-Khlusevich,S (2623) ICCF corr 2002}) 13... Be6 14. Qh5 {[%csl Gd3][%cal Rh5h7]} h6 15. Ng5 Nd4 (15... Qb4 $11) 16. Nxe6 $14 fxe6 {[#]} 17. Re3 ({Much worse is} 17. Qg6 $6 Rf6 $11) (17. Nxd5 $1 $14 {[%mdl 512]} exd5 18. Qxd5+ {[%mdl 64] Double Attack} Kh8 19. Re5 Ne2+ 20. Bxe2 Bxf2+ 21. Kh1 Qxd5 22. Rxd5) 17... Rf6 $11 18. Kh1 Raf8 {[#]} ({Much weaker is} 18... Rxf2 19. Qg6 $14) 19. Nxd5 $1 {[%mdl 512]} exd5 20. Qxd5+ {[%mdl 64] Double Attack} Kh8 $1 {aiming for ...Qb6.} 21. Re5 $1 b6 {And now ...Qb4 would win.} 22. c3 Nc6 23. Re6 {Qxc6 is the strong threat.} Qa4 {Strongly threatening ...Rd8.} 24. b3 {[%cal Bb2b3,Bb3b4][%mdl 32]} Qg4 25. Rxc6 Rxf2 {White must now prevent ...Rd2!} 26. h3 Qf4 {Black wants to play ...Qe3.} 27. b4 Be7 28. Rc4 Qf6 29. Qe4 {[%csl Gd3][%cal Re4h7]} g6 30. Qxg6 (30. Rc6 $16 Bd6 31. Qe3) 30... Qxg6 31. Bxg6 Rf1+ 32. Rxf1 Rxf1+ {[%mdl 4096] Endgame KRB-KRB. The position is equal.} 33. Kh2 Bd6+ 34. g3 Rf2+ 35. Kg1 Rxa2 36. Rg4 Ra3 37. Kg2 Rxc3 38. b5 {Accuracy: White = 89%, Black = 83%.} 1/2-1/2

[Event "Panevezys Elite Open 2020"]
[Site "Panevezys"]
[Date "2020.07.03"]
[Round "9.3"]
[White "Starostits, Ilmars"]
[Black "Heberla, Bartlomiej"]
[Result "1/2-1/2"]
[WhiteElo "2490"]
[BlackElo "2572"]
[Annotator "TA"]
[PlyCount "118"]
[EventDate "2020.06.26"]
[EventType "swiss"]
[EventCountry "LTU"]
[SourceTitle "playchess.com"]
[Source "ChessBase"]
[SourceQuality "1"]

{[%evp 10,118,6,0,19,3,0,-2,12,-6,0,-19,-19,-25,-23,-21,-21,-21,-23,-38,-18,-33,-33,-132,-125,-139,-135,-181,-159,-167,-167,-149,-143,-136,-132,-146,-147,-224,-179,-156,-135,-180,-137,-533,-266,-270,-262,-267,-27,-41,-37,-31,-24,-71,-70,-74,-61,-152,-61,-289,-258,-288,-265,-596,-131,-145,0,-546,-338,-435,-451,-409,-265,-252,-189,-183,-206,-196,-206,-205,-197,-183,-168,-160,-157,-168,-36,-36,-13,-91,-92,-97,-29,-35,-35,-43,-43,-58,-64,-83,-8,-8,-8,-8,-8,-8,9,9,10,9,18]} 1. d4 Nf6 2. Nf3 g6 3. Bf4 Bg7 4. e3 O-O 5. h3 d6 6. c3 Nfd7 {A48: 1 d4 Nf6 2 Nf3 g6: Torre, London and Colle Systems.} 7. Nbd2 {7.Bh2 is becoming the main line.} e5 8. Bg3 Qe7 {[#]} 9. Bh4 $146 ({Predecessor:} 9. Bc4 Kh8 10. O-O Nc6 11. b4 f5 12. b5 Nd8 13. Qc2 g5 14. Nb3 Nb6 15. Be2 {0-1 (47) Abhishek,K (2389)-Praneeth,S (2388) Lucknow 2016}) 9... Bf6 10. Bxf6 Nxf6 11. dxe5 dxe5 12. e4 Nbd7 13. Qc2 Nc5 14. Be2 b6 15. b4 Ne6 16. g3 ({But not} 16. Nxe5 Nf4 $17) (16. Bc4 $15) 16... a5 $17 17. Nxe5 Bb7 18. bxa5 Nc5 {[%mdl 64] Discovered Attack} 19. a6 Bxe4 ({Resist} 19... Bxa6 20. Nc6 $17) 20. Nxe4 Ncxe4 21. Nd3 Rxa6 22. O-O Ra3 23. c4 (23. Qb2 $17) 23... Rc3 24. Qb2 Rxc4 25. Rfe1 Qd6 26. Rad1 $2 {[%mdl 8192] [#]} (26. Qe5 $17 {nothing else works.}) 26... Nxg3 (26... Nxf2 $142 $1 {[%mdl 512]} 27. Kxf2 (27. Nxf2 Qxg3+) 27... Ne4+ {[%mdl 64] Double Attack} 28. Kf1 Qxg3) 27. Bf3 $19 Nf5 28. Ne5 Rd4 $2 (28... Nd4 $1 $19 29. Bg2 Rb4) 29. Nc6 $11 {[#]} Rd8 $1 30. Nxd8 Qxd8 31. Qa3 Kg7 32. Qc3 c5 33. a4 (33. Rxd4 $15 Nxd4 34. Bg2) 33... Nd5 (33... Qd7 $1 $17 34. Rxd4 Nxd4) 34. Qb2 $2 (34. Bxd5 $15 Qxd5 35. Rxd4 Nxd4 36. Re8) 34... Qg5+ $19 35. Kh1 Nf4 36. Re4 $2 (36. Kh2 {was the crucial defense.}) 36... Qh4 $2 (36... Nxh3 $19 {is more deadly.} 37. Rg4 Nxf2+ $1 {[%mdl 512]} 38. Qxf2 Rxg4 39. Bxg4 Qxg4 {[%mdl 64] Double Attack}) 37. Bg2 $17 {[%cal Rd1d4]} Qg5 $2 {[%mdl 8192]} (37... Qf6 $17 38. Rdxd4 Nxd4) 38. Bf3 $19 Qf6 39. Kh2 Nd3 40. Qe2 {Now Rxd4 and White clings on.} Rxe4 41. Bxe4 {[#]} Nxf2 $1 {[%mdl 512]} 42. Qxf2 Qe5+ {[%mdl 64] Double Attack} 43. Kg1 {Hoping for Bxf5.} Qxe4 {[%mdl 4096] Endgame KQR-KQN} 44. a5 bxa5 45. Qxc5 Qf3 46. Qe5+ Kh6 47. Rd2 {[#]} Nh4 (47... Ng3 $1 $19 48. Rg2 Ne4 49. Qxa5 Qe3+ 50. Kh2 Ng5) 48. Kh2 $1 $15 f5 49. Qg3 (49. Qd4 $1 $11 Kh5 50. Qf2) 49... Qe4 $17 50. Rf2 {[#]} g5 (50... Qe7 $1 $17 {...a4 is the strong threat.} 51. Qd3 Qc5) 51. Qd6+ $11 Ng6 {Strongly threatening ...f4.} 52. Qf6 f4 53. h4 gxh4 {White must now prevent ...a4.} 54. Rg2 Qe3 (54... a4 $17 {And now ...Qd5 would win.} 55. Qg5+ Kg7) 55. Qg5+ {The position is equal.} Kg7 56. Qxa5 f3 57. Qg5 f2 58. Qf5 Kh6 59. Rxf2 Qe5+ {Whites escaped into a draw. Accuracy: White = 61%, Black = 59%.} 1/2-1/2

[Event "Panevezys Elite Open 2020"]
[Site "Panevezys"]
[Date "2020.07.03"]
[Round "9.4"]
[White "Malisauskas, Vidmantas"]
[Black "Golubovskis, Maksims"]
[Result "1/2-1/2"]
[WhiteElo "2423"]
[BlackElo "2062"]
[Annotator "TA"]
[PlyCount "119"]
[EventDate "2020.06.26"]
[EventType "swiss"]
[EventCountry "LTU"]
[SourceTitle "playchess.com"]
[Source "ChessBase"]
[SourceQuality "1"]

{[%evp 22,119,0,0,0,-7,0,0,0,-5,21,11,18,-6,3,0,0,0,0,0,0,0,0,0,26,0,0,6,0,0,0,0,0,0,13,0,0,18,6,0,0,0,122,0,0,0,0,0,0,0,0,0,0,-3,0,0,0,-10,-2,-181,-10,-67,-8,-42,-36,-71,-66,-84,-10,-72,-72,-63,-9,-43,-43,-47,0,-22,-12,-28,-10,-195,-202,-193,-192,-245,-238,-233,-233,-216,0,0,0,0,0,0,0,0,0,0]} 1. Nf3 Nf6 2. c4 b6 3. g3 Bb7 4. Bg2 e6 5. O-O Be7 6. Nc3 O-O 7. d4 Ne4 8. Bd2 d5 9. cxd5 exd5 10. Rc1 Nd7 11. Bf4 Nxc3 12. Rxc3 c5 {E18: Queen's Indian: Old Main Line (4 g3 Bb7 5 Bg2 Be7 6 0-0 0-0 7 Nc3).} 13. b3 Rc8 {[#]} 14. Bh3 $146 ({Predecessor:} 14. dxc5 bxc5 15. Rc2 Nf6 16. Bh3 Ra8 17. Bg5 Ne4 18. Bxe7 Qxe7 19. Nd2 Ng5 20. Bg2 d4 21. Bxb7 Qxb7 22. h4 Ne6 23. Nf3 Rad8 24. Qd3 h6 25. Rfc1 f5 26. Qc4 {½-½ (26) Sahovic,D (2520)-Partos,C (2420) Biel 1979}) 14... f5 {Strongly threatening ...g5.} 15. Ne5 Nxe5 16. Bxe5 c4 17. Bg2 b5 18. bxc4 bxc4 19. Qa4 Bc6 20. Qc2 Qd7 21. Rb1 a5 22. Re3 Ba4 23. Qc1 (23. Bxd5+ $5 Kh8 24. Bxg7+ Kxg7 25. Rxe7+ $1 {[%mdl 512]} Qxe7 26. Qxa4 $14) 23... Bb4 24. a3 Be7 25. Qc3 Ra8 26. Bf4 {Black must now prevent Rxe7!} Bc6 27. h4 Rfe8 28. Bf3 Bf6 29. Rxe8+ Qxe8 30. Bg5 Bxg5 31. hxg5 Qe7 {[#]} (31... Qd8 $11) 32. Qd2 (32. Rb5 $1 $16 {[%mdl 512]}) 32... Qd6 $11 33. Kf1 Kf7 34. Bh5+ g6 35. Bf3 Ke7 ({Don't play} 35... Qxa3 $6 36. Qf4 $16) 36. Kg2 Kf7 37. g4 fxg4 ({But not} 37... Qxa3 $2 38. Qf4 $18) 38. Bxg4 Kg7 39. Bf3 Ra7 40. Rh1 $2 (40. Kg1 $11) 40... Re7 $2 (40... Qxa3 $19 {Threatens to win with ...Qd6.} 41. Qf4 Qe7) 41. Rh4 ({White should play} 41. Rb1 $1 $11) 41... Qc7 (41... Qxa3 $6 42. Qf4 $11) (41... a4 $1 $15) 42. Qc1 Rf7 43. Rg4 Kg8 44. Rg3 Re7 (44... a4 $17) 45. e3 (45. e4 $11) 45... Qb6 46. Qc3 Ra7 (46... Qd8 $15) 47. Bd1 (47. e4 $5) 47... Qb1 $36 {[%mdl 2048] Black has good play.} 48. Bc2 Qb7 (48... Qc1 {is more complex.} 49. e4 Kg7 50. Re3 Re7 51. a4 Rb7) 49. f4 Qf7 50. Rf3 Bd7 51. Qb2 $2 {[#]} (51. e4 $11 {and White stays safe.}) 51... Rb7 $1 $19 {[%cal Rb7b2][%mdl 512]} 52. Qc3 ({Much weaker is} 52. Qxb7 Bh3+ 53. Rxh3 Qxb7 $19) 52... Bf5 $1 53. Rf2 (53. Bxf5 $142 Qxf5 54. Kg3) 53... Bxc2 54. Rxc2 {[%mdl 4096] Endgame [#] KQR-KQR} Qf5 $1 55. Rb2 {[#]} Qg4+ $2 (55... Qd3 $1 $19 {[%cal Rd3c3]} 56. Qd2 Rxb2 57. Qxb2 Qb3) 56. Kf2 $11 {The position is equal.} Qh4+ 57. Kg2 Qg4+ 58. Kf2 Rxb2+ 59. Qxb2 Qh4+ 60. Kg2 {Accuracy: White = 68%, Black = 78%.} 1/2-1/2

[Event "Panevezys Elite Open 2020"]
[Site "Panevezys"]
[Date "2020.07.03"]
[Round "9.5"]
[White "Krivonosov, Oleg"]
[Black "Bekasovs, Rihards"]
[Result "1-0"]
[WhiteElo "2391"]
[BlackElo "2179"]
[Annotator "TA"]
[PlyCount "177"]
[EventDate "2020.06.26"]
[EventType "swiss"]
[EventCountry "LTU"]
[SourceTitle "playchess.com"]
[Source "ChessBase"]
[SourceQuality "1"]

{[%evp 9,177,42,39,25,65,45,65,27,63,52,59,57,99,93,91,92,96,92,110,85,100,83,106,102,207,211,207,182,209,208,299,306,329,260,357,357,340,220,208,214,212,212,217,212,216,218,219,211,220,113,113,91,97,90,90,90,90,90,90,90,90,90,90,90,90,90,90,90,90,90,90,90,90,0,90,90,90,83,90,90,90,90,91,91,91,90,90,90,90,90,90,90,90,90,90,90,90,90,90,48,48,48,48,48,48,48,48,48,48,48,48,48,48,48,91,48,48,48,59,59,59,48,48,48,48,48,59,59,65,56,64,48,93,48,65,48,48,48,48,48,57,57,65,65,65,65,65,65,65,65,65,65,65,65,65,65,65,65,65,65,1143,1080,29968,5782,5362,4627,2544,1628,1868,1955]} 1. Nf3 d6 2. d4 Bg4 3. c4 Bxf3 4. exf3 g6 5. Be2 Bg7 6. d5 {A41: 1 d4 d6: Tartakower System and Modern Defence.} c6 7. O-O Nd7 8. Re1 {White is slightly better.} Ngf6 9. Nc3 O-O 10. Be3 {[#]} c5 $146 ({Predecessor:} 10... a6 11. Bf1 Re8 12. Rb1 Rc8 13. f4 cxd5 14. Nxd5 Nxd5 15. Qxd5 Qc7 16. b3 Nf6 17. Qd3 e6 {½-½ (31) Wojtaszek,R (2734)-Petrosian,T (2625) Berlin 2015}) 11. Qd2 a6 12. a4 {[%cal Ba2a4,Ba4a5][%mdl 32]} Ne8 13. h4 Nc7 14. g3 Nf6 15. Kg2 h5 16. Rab1 Qd7 (16... b6 $16) 17. a5 $1 $18 e6 18. b4 exd5 19. cxd5 Nb5 (19... Rfd8 $142 20. Red1 (20. bxc5 dxc5 21. d6 Nce8 $16) 20... cxb4 21. Rxb4 Rdb8) 20. Nxb5 ({And not} 20. bxc5 Nxc3 21. Qxc3 Nxd5 $11) 20... axb5 21. bxc5 dxc5 22. Bxc5 Rfc8 23. Bd4 ({Not} 23. Bxb5 Qxd5 24. Be3 Qxd2 $16) 23... b4 24. Rxb4 Rxa5 25. Qb2 Ne8 26. Bxg7 Nxg7 27. Rxb7 Qxd5 28. Bd1 {Black must now prevent Ree7.} Nf5 {[#]} 29. Rb8 (29. Rc7 $1 $18 {[%cal Rc7c8][%mdl 512]} Qa8 (29... Rxc7 30. Re8+) 30. Rxf7 $3 {[%mdl 512]}) 29... Rxb8 $16 30. Qxb8+ Kg7 31. Qb2+ (31. Re8 {seems wilder.} Qd6 32. Rg8+ Kf6 33. Qb1 Rc5 34. Qa1+) 31... Qd4 32. Re2 Qxb2 33. Rxb2 {[%mdl 4096] Endgame KRB-KRN} Ra7 34. Bc2 Nd4 35. Be4 Rc7 36. Rb4 Rd7 37. Rb6 Ne6 38. Bb1 Nd4 39. Ba2 Ra7 40. Bd5 Rd7 41. Be4 (41. Bb7 {looks sharper.} Rc7 42. f4 Re7 43. Ba8 Ra7 44. Be4) 41... Ne6 $1 42. Rb2 Nc5 43. Rc2 Ne6 44. Rc3 Kf6 45. f4 Nd4 46. Rd3 Rd8 47. Ra3 Rd7 48. Ra6+ Kg7 49. Bb1 Rb7 50. Ba2 Rd7 51. Ra5 Kf6 52. Bd5 Kg7 53. Kf1 Kf6 54. f3 Nf5 {Strongly threatening ...Rxd5!} 55. Kf2 Nh6 56. Rc5 Ra7 57. Rc6+ Kg7 58. Rc2 Rd7 59. Be4 Ra7 60. Kg2 Rd7 61. Rb2 Re7 62. Kh3 Ra7 63. Rb3 Re7 64. Rb5 Kf6 65. Rc5 Ra7 66. Rc6+ Kg7 67. Rc3 Re7 68. Ra3 Kf6 69. Kg2 Rd7 70. Ra2 Rc7 71. Rd2 Ra7 72. Bc6 Rc7 73. Bd7 Ke7 74. Bh3 Rc5 75. g4 Kf8 76. g5 Nf5 77. Bxf5 $1 Rxf5 $14 {KR-KR} 78. Kg3 Ke7 79. Re2+ Kd6 80. Ra2 Ke7 81. Ra6 Kd7 82. Ra4 Ke7 83. Kf2 Kd6 84. Ke3 Kd5 $2 {[%mdl 8192] [#] This move loses the game for Black.} (84... Rb5 $14) 85. Ra6 $1 $18 {[%cal Ra6b6]} Kc5 86. Ke4 (86. Ra5+ $142 Kc6 87. Re5 Kd7 88. Ke4 Rxe5+ 89. Kxe5 Kd8 90. f5 gxf5 91. Kxf5) 86... Kc4 {White is clearly winning.} 87. Rc6+ Kb5 88. Rc7 Kb6 89. Re7 {Accuracy: White = 83%, Black = 77%.} 1-0

[Event "Panevezys Elite Open 2020"]
[Site "Panevezys"]
[Date "2020.07.03"]
[Round "9.6"]
[White "Chukavin, Kirill"]
[Black "Valantiejus, Vaidotas"]
[Result "1-0"]
[WhiteElo "2348"]
[BlackElo "2082"]
[Annotator "TA"]
[PlyCount "61"]
[EventDate "2020.06.26"]
[EventType "swiss"]
[EventCountry "LTU"]
[SourceTitle "playchess.com"]
[Source "ChessBase"]
[SourceQuality "1"]

{[%evp 20,61,0,0,0,0,0,0,0,0,0,0,16,13,39,25,91,87,93,53,42,76,58,39,90,16,56,20,16,18,32,32,57,2,2,9,268,307,287,275,453,511,29980,29981]} 1. e4 c5 2. Nc3 Nc6 3. f4 g6 4. Nf3 Bg7 5. Bc4 e6 6. O-O Nge7 7. d3 d5 8. Bb3 O-O 9. Qe1 Nd4 10. Nxd4 cxd4 11. Ne2 a5 {And now ...a4 would win. B23: Closed Sicilian: Lines without g3.} 12. a4 dxe4 13. dxe4 d3 {The position is equal.} 14. Nc3 dxc2 15. Bxc2 Nc6 16. Be3 Nd4 17. Bd3 {[#]} e5 $146 (17... Nf5 $1 $11 {keeps the balance.} 18. exf5 Qxd3) ({Predecessor:} 17... Qe7 18. Qf2 Rd8 19. Rad1 Nc6 20. e5 Nb4 21. Bb5 Bf8 22. Rxd8 Qxd8 23. Bb6 Qe7 24. Rd1 Nd5 25. Rxd5 exd5 26. Nxd5 Qe6 27. Nc7 {1-0 (27) Bangiev,A (2410)-Boehm,J (2160) Germany 1996}) 18. f5 $1 $16 Kh8 19. Qg3 gxf5 20. exf5 Bf6 21. Be4 Ra6 (21... Rg8 $14 22. Qh3 Bg5) 22. Qf2 (22. Qg4 $1 $16) 22... Bg5 23. Nb5 {Bxg5 is the strong threat.} Bxe3 24. Qxe3 Nxb5 25. axb5 Rd6 26. b4 ({White should play} 26. f6 $1 $14 Rxf6 27. Rxf6 Qxf6 28. Rxa5) 26... axb4 $11 27. Ra8 $36 {[%mdl 2048] Strongly threatening Rxc8! Black is under pressure.} Qf6 $2 {[%mdl 8192] [#] Loses the game.} (27... Rg8 $11) 28. Bxb7 $1 $18 {[%mdl 576] Pin} Rdd8 {[#]} (28... Bxb7 29. Rxf8+) 29. Be4 $1 Bd7 $2 (29... Qd6 {was worth a try.} 30. f6 Qd4 31. Qxd4 exd4) 30. Ra6 Qh4 (30... Qg7 $18 31. f6 Qg8) 31. Rh6 {Accuracy: White = 70%, Black = 53%.} 1-0

[Event "Panevezys Elite Open 2020"]
[Site "Panevezys"]
[Date "2020.07.03"]
[Round "9.8"]
[White "Steponavicius, Stasys"]
[Black "Stremavicius, Pijus"]
[Result "1-0"]
[WhiteElo "2183"]
[BlackElo "2163"]
[Annotator "TA"]
[PlyCount "105"]
[EventDate "2020.06.26"]
[EventType "swiss"]
[EventCountry "LTU"]
[SourceTitle "playchess.com"]
[Source "ChessBase"]
[SourceQuality "1"]

{[%evp 14,105,37,37,57,49,61,41,47,29,85,56,89,82,85,79,86,73,69,51,99,106,98,79,102,101,97,90,137,63,104,106,166,152,128,92,570,609,577,441,400,277,331,256,259,250,313,280,289,0,262,237,237,133,130,151,312,63,572,562,560,546,812,-25,811,786,29984,29986,29986,29987,29987,4718,1283,1216,1129,947,932,875,807,757,998,880,29966,29962,6291,6495,5069,4651,29983,29984,29983,29984,29982,29983]} 1. d4 d5 2. c4 c6 3. Nf3 Nf6 4. Nc3 a6 5. c5 g6 6. h3 Bg7 7. Bf4 O-O 8. e3 b6 {D15: Slav Defence: 4 Nc3 a6 and gambit lines after 4 Nc3 dxc4.} 9. cxb6 Qxb6 10. Qd2 Nbd7 {[#] White is slightly better.} 11. Na4 $146 ({Predecessor:} 11. Bd3 c5 12. Na4 Qa7 13. dxc5 Nxc5 14. Nxc5 Qxc5 15. Rc1 Qb6 16. O-O Nd7 17. Bg5 {0-1 (32) Christ,R (2292)-Gisbrecht,E (2414) Germany 2003}) 11... Qa7 (11... Qd8 $11 {remains equal.}) 12. Rc1 Bb7 13. Qa5 $36 {[%mdl 2048] White is in control.} Ne4 14. Bd3 c5 {[%cal Rc5d4]} 15. Bxe4 ({Much weaker is} 15. Nxc5 Nexc5 16. dxc5 Rac8 $15) (15. O-O {is interesting.} Rfc8 16. Ne5 Bxe5 17. dxe5 g5 18. Bh2) 15... dxe4 16. Ne5 Nxe5 17. dxe5 Bc6 18. O-O Bb5 19. Rfd1 Rac8 20. b3 g5 21. Bg3 (21. Bxg5 $16 {Hoping for Qb6.} Bxe5 22. Qb6) 21... e6 22. Nb6 Qc7 (22... Rc6 $16 {keeps fighting.}) 23. b4 Rb8 24. bxc5 Bxe5 $2 {[%mdl 8192]} (24... Bd3 $16) 25. Bxe5 $18 Qxe5 26. a4 Bc6 27. Qxa6 Rfd8 {intending ...Rxd1+.} 28. Qc4 Qb2 29. Rb1 Qa3 30. Ra1 Qb2 31. Rab1 Qa3 32. Rdc1 {aiming for Rc3.} Rd2 33. Qb4 (33. Ra1 $18 Qb2 34. Qf1) 33... Qxb4 $16 34. Rxb4 Ra2 $2 {[#]} (34... Kg7 $16 {might work better.} 35. Rbb1 Ra2) 35. Rd4 $2 (35. Nd5 $1 $18 {[%mdl 512]} Rb7 (35... Bxd5 36. Rxb8+) 36. Rxb7 Bxb7 37. c6 Bxc6 38. Ne7+ (38. Rxc6 exd5 39. Rd6 Rxa4 $11) 38... Kg7 39. Nxc6) 35... e5 $2 {[%mdl 8192]} (35... Kg7 $14) 36. Rd6 $18 Bxa4 37. c6 Rxb6 38. Rd8+ Kg7 39. c7 Rbb2 40. c8=Q Rxf2 41. Rg8+ Kh6 42. Qg4 (42. Kh1 $142 Be8 43. Qxe8 Kh5 44. Qxe5 Rxg2 45. Qxe4 {[%mdl 64] Double Attack} Rh2+ 46. Kg1 Rhg2+ 47. Qxg2) 42... f6 43. Rf1 Bd7 44. Qg3 (44. Qxd7 $2 {is a self mate.} Rxg2+ 45. Kh1 Rh2+ 46. Kg1 Rag2#) 44... Rxf1+ 45. Kxf1 Ra1+ 46. Ke2 Ba4 47. Kd2 {White wants to mate with h4.} Rd1+ {[#]} 48. Kc3 $1 Rd3+ 49. Kb4 {h4 would kill now.} Bb3 50. Rc8 Be6 51. Rc6 {White mates.} Rb3+ 52. Ka5 Ra3+ 53. Kb6 {Accuracy: White = 69%, Black = 46%.} 1-0

[Event "Panevezys Elite Open 2020"]
[Site "Panevezys"]
[Date "2020.07.03"]
[Round "9.9"]
[White "Baum, Jonasz"]
[Black "Jablokov, Dmitrij"]
[Result "1/2-1/2"]
[WhiteElo "2373"]
[BlackElo "1962"]
[Annotator "TA"]
[PlyCount "80"]
[EventDate "2020.06.26"]
[EventType "swiss"]
[EventCountry "LTU"]
[SourceTitle "playchess.com"]
[Source "ChessBase"]
[SourceQuality "1"]

{[%evp 12,80,0,0,0,0,0,-10,-9,-14,-12,-17,-15,-10,-16,-17,-25,-47,91,112,137,87,150,169,164,158,249,143,135,129,186,175,259,258,239,243,240,104,210,229,233,232,232,0,0,-22,45,49,62,0,217,233,222,218,220,12,20,-193,-193,-195,-187,-197,-50,-69,0,-222,0,-48,0,-216,0]} 1. e4 e6 2. d4 d5 3. e5 c5 4. c3 Qb6 5. Nf3 Nc6 6. Na3 cxd4 7. cxd4 Bb4+ {C02: French: Advance Variation.} 8. Bd2 a6 {8...Nge7 is a critical line.} ({Don't go for} 8... Nxd4 $2 9. Nxd4 Qxd4 10. Qa4+ Bd7 11. Qxb4 $18) 9. Nc2 Bxd2+ {The position is equal.} 10. Qxd2 Qxb2 11. Bd3 h6 12. O-O Qb6 $1 13. Qf4 Nge7 {[#]} 14. Qg3 $146 ({Predecessor:} 14. Ne3 Bd7 15. Rab1 Qc7 16. Qg3 Kf8 17. Rfc1 b5 18. Qh4 Qb6 19. Rc5 Rc8 20. Rbc1 {0-1 (60) Yurtseven,M (2208)-Das,S (2456) Durban 2014}) 14... g5 (14... O-O $15 {stays ahead.}) 15. h4 $16 gxh4 16. Qxh4 Bd7 (16... Ng6 $142 17. Bxg6 fxg6) 17. Rab1 $36 {[%mdl 2048] White has strong initiative.} Qc7 18. Rfc1 Rg8 (18... O-O-O $16 19. Qf6 Rdg8) 19. Nd2 (19. Qxh6 $18 Qa5 20. Rxb7) 19... Ng6 20. Qxh6 Qd8 (20... Rh8 $16 21. Qg7 O-O-O) 21. g3 $18 ({Don't blunder} 21. Rxb7 $2 Rh8 $19) 21... Na5 (21... Rh8 $142 22. Qg7 Qg5) 22. Ne3 $1 {[%cal Re3g4]} Nf8 {[#]} 23. Nf3 $1 Bc6 24. Bh7 (24. Qf4 $18 {is more deadly.}) 24... Rh8 {[#]} (24... Nxh7 $16 25. Qxh7 Rf8) 25. Ng5 $1 Nxh7 26. Nxh7 Kd7 27. Nf6+ $2 (27. Qg7 $18) 27... Kc7 $11 28. Qf4 {And now Nf5 would win.} b5 (28... Kb8 $11) 29. Rc5 $14 {Black must now prevent a4.} Kb7 30. a4 (30. Kg2 $14) 30... Qf8 $2 (30... Rc8 $1 $11) 31. Nc2 {Na3 is the strong threat.} Qh6 32. Qxh6 Rxh6 33. Nb4 $2 (33. axb5 $18 axb5 34. Nb4) 33... Rah8 $11 {Hoping for ...Rh1+.} 34. Nxc6 $2 (34. Rb2 $11 {and White is okay.}) 34... Nxc6 $19 35. Kg2 {Black should prevent Ng4.} Nxd4 {( -> ...Rh2+)} 36. Ng4 Rg6 (36... Kb6 $19 37. Rcc1 R6h7 38. axb5 axb5) 37. Nf6 $15 Rgh6 $2 (37... Rc8 $15 38. Rxc8 Kxc8) 38. Ng4 $19 Rg6 $2 ({Better is} 38... Rh5 $19 39. axb5 Kb6) 39. Nf6 $15 Rgh6 $2 (39... Rc8 $15 40. Rxc8 Kxc8) 40. Ng4 $19 Rg6 $2 {Accuracy: White = 64%, Black = 48%.} (40... Rh5 $19 41. Rcc1 Kb6 42. axb5 axb5) 1/2-1/2